| 000 | 00766nmc a2200301 a 4500 | ||
|---|---|---|---|
| 003 | AR-BaBNM | ||
| 005 | 20251128211602.0 | ||
| 008 | 144120s2004 ||||||||||||||000 | spa|| | ||
| 020 | _a84-493-1523-9 | ||
| 040 | _cAR-BaBNM | ||
| 100 | 1 | _aJacquard, Albert | |
| 245 | 1 | 0 | _a¿Una educación sin autoridad ni sanción? |
| 260 |
_aBarcelona _bPaidós _c2004 |
||
| 300 | 0 | _a93 p. | |
| 490 | 0 |
_aPaidós Studio _vv. 160 |
|
| 650 | 4 | _aFILOSOFIA DE LA EDUCACION | |
| 650 | 4 | _aAUTORIDAD | |
| 650 | 4 | _aDISCIPLINA | |
| 650 | 4 | _aSANCION | |
| 650 | 4 | _aVALORES | |
| 650 | 4 | _aCRISIS DE LA EDUCACION | |
| 650 | 4 | _aETICA | |
| 700 | 1 | _aManent, Pierre | |
| 700 | 1 | _aRenaut, Alain | |
| 700 | 1 |
_aSavidan, Patrick _ecoordinador |
|
| 942 | _cBK | ||
| 998 | _cme-solo cat | ||
| 999 |
_c20312 _d20312 |
||